000 00318 a2200145 4500
001 59947
020 _a9783126757775
040 _cAnchieta - Pituba
240 1 0 _aWir plus
_lpor
245 1 0 _aWir plus
300 _a247
362 0 _a2012
650 4 _aLínguas germânicas (teutônicas) língua alemã
942 _cBK
999 _c59947
_d59947